000
00335nam a22001457a 4500
008
221130b ||||| |||| 00| 0 eng d
020
_a
9781285752297
041
_a
eng
080
_2
11TH EDITION
_a
615
082
_a
615 HOE
100
_a
16.2
101
_a
EGZ
245
_a
FITNESS & WELLNESS
_c
HOEGER K.W WERNER
942
_2
udc
_c
BK
999
_c
59050
_d
59050